Signs of the Zodiac and their Symbols - Statistics

General Stats
  • This quiz has been taken 1,147 times
  • The average score is 18 of 24
Answer Stats
Date Sign Answer Type Answer % Correct
June 22- July 22 Cancer Sign Cancer
90%
July 23- August 22 Leo Sign Leo
90%
April 20- May 20 Taurus Sign Taurus
90%
May 21- June 21 Gemini Sign Gemini
87%
December 22- January 19 Capricorn Sign Capricorn
85%
February 19- March 20 Pisces Sign Pisces
84%
November 23- December 21 Sagittarius Sign Sagittarius
84%
January 20- February 18 Aquarius Sign Aquarius
83%
March 21- April 19 Aries Sign Aries
83%
September 23- October 22 Libra Sign Libra
83%
October 23- November 22 Scorpio Sign Scorpio
82%
Leo Symbol Lion
80%
August 23- September 22 Virgo Sign Virgo
80%
Pisces Symbol Fish
79%
Taurus Symbol Bull
75%
Cancer Symbol Crab
73%
Gemini Symbol Twins
71%
Scorpio Symbol Scorpion
70%
Libra Symbol Scales
65%
Capricorn Symbol Goat
61%
Aries Symbol Ram
61%
Aquarius Symbol Water-bearer
56%
Virgo Symbol Maiden
54%
Sagittarius Symbol Archer
44%
No matching quizzes found
Score Distribution
Percent of People with Each Score
Percentile by Number Answered
Your Score History
You have not taken this quiz